000 00640nam a22002177a 4500
003 UA-OsUOA
001 126438
007 ta
008 20171023b un ||||| |||| 00| 0 ukr d
100 _aСтепанюк М.
090 _a81
_bС79
942 _cSA
040 _aUA-OsUOA
_bukr
_cUA-OsUOA
_dUA-OsUOA
245 _aУ світі фразеологізмів (Заняття у філологічному гуртку)
300 _aС.29-33
955 _a0
041 _aukr
080 _a81
773 0 _w126433
650 7 _a8 Мовознавство. Художня література. Літературознавство
_2UDC
999 _c413626
_d413626